|
|
|
|
| LEADER |
00000cam a2200000 7i4500 |
| 001 |
0000004620 |
| 002 |
000004982 |
| 005 |
20000330.0 |
| 020 |
|
|
|a 9679400441
|
| 090 |
0 |
0 |
|a 297.211
|b MOH
|
| 100 |
0 |
|
|a Mohamad Kamil Hj Ab.Majid
|
| 245 |
1 |
0 |
|a Beberapa aspek ilmu Al-Kalam mengikut Ibn Taymiyyah
|c Mohamad Kamil Hj. Abd Majid
|
| 260 |
|
|
|a Kajang :
|b Penerbit Media Ilmu ,
|c 1993
|
| 300 |
|
|
|a 142 p. ;
|c 22 cm.
|
| 650 |
0 |
0 |
|a God (Islam)
|
| 650 |
0 |
0 |
|a Ilmu Al-Kalam
|
| 999 |
|
|
|a 034716
|b BUKU
|c PINJAMAN
|e PERPUSTAKAAN KOMUNITI PETALING JAYA
|
| 999 |
|
|
|a 034717
|b BUKU
|c PINJAMAN
|e PERPUSTAKAAN KOMUNITI PETALING JAYA
|